| 000 | 00498nam a2200181 a 4500 | ||
|---|---|---|---|
| 003 | BD-JhCC | ||
| 005 | 20231113135353.0 | ||
| 008 | 231113b1965 b |||| ||a| 000 0 b d | ||
| 035 | _a(BD-JhCC) | ||
| 040 |
_aBD-JhCC _dBD-JhCC |
||
| 041 | _aBengali | ||
| 082 |
_a398.09 _bLOK 1965 |
||
| 245 |
_aলোক-সাহিত্য / _cফজলে রাব্বি। |
||
| 300 |
_a442 p. : _c26 cm. |
||
| 650 | _aFolklore society | ||
| 700 | _a রাব্বি,ফজলে | ||
| 942 |
_2ddc _cBK |
||
| 999 |
_c13513 _d13513 |
||